Don't Block Yourself - Connect 4 (Clickable) Quiz Stats

 Plays Quiz not verified by Sporcle

Also try: Don't Get Blocked!
Challenge
Share
Tweet
Score 0/16 Timer 10:00
0 Plays Today
% Correct
Eastern
95%
Circle
94.7%
Pacific
93.7%
Triangle
93%
Star
92.3%
Square
92%
Central
91.6%
Tree
91.4%
% Correct
Quality
91.4%
Hexagon
89.4%
Northern
87.3%
Mountain
87.2%
Victoria
86.7%
Game
80.6%
District
72.1%
Alaskan
70.5%

You're not logged in!

Compare scores with friends on all Sporcle quizzes.
Join for Free
OR
Log In

You Might Also Like...

Show Comments

Extras

Top Quizzes Today


Score Distribution

Your Account Isn't Verified!

In order to create a playlist on Sporcle, you need to verify the email address you used during registration. Go to your Sporcle Settings to finish the process.

Report this User

Report this user for behavior that violates our Community Guidelines.

Details: